[Event "Montpellier op-B"]
[Site "Montpellier"]
[Date "2001.??.??"]
[Round "1.34"]
[White "Canterini, Baptiste"]
[Black "Claude, Benoit"]
[Result "0-1"]
[WhiteElo "1450"]
[BlackElo "1850"]
[PlyCount "72"]
[EventDate "2001.??.??"]
[EventType "swiss"]
[EventRounds "7"]
[EventCountry "FRA"]
[SourceTitle "EXT 2003"]
[Source "ChessBase"]
[SourceDate "2002.11.25"]
[SourceVersion "1"]
[SourceVersionDate "2002.11.25"]
[SourceQuality "1"]

1. d4 d5 2. Nf3 e6 3. c4 Nf6 4. Nc3 Be7 5. e3 0-0 6. Bd3 dxc4 7. Bxc4 c5 8. 0-0 Nc6 9. a3 a6 10. dxc5 Bxc5 11. b4 Bd6 12. Bb2 b5 13. Bd3 Bb7 14. Qc2 Rc8 15. Rac1 Bxb4 16. Rfd1 Bd6 17. Qe2 Qe7 18. a4 b4 19. Na2 b3 20. Nc3 Nb4 21. Bc4 Bxf3 22. gxf3 Bxh2+ 23. Kg2 Qc5 24. Bxb3 Qh5 25. Rh1 Rc5 26. Rxh2 Rg5+ 27. Kh1 Qg6 28. Ba3 Rb8 29. Bxb4 Rh5 30. Na2 Rxh2+ 31. Kxh2 Qh5+ 32. Kg2 Qg5+ 33. Kf1 Qh4 34. Qxa6 h5 35. Rc8+ Rxc8 36. Qxc8+ Kh7 0-1